Strategie týdeník o marketingové komunikaci

Saved in:
Bibliographic Details
Format: Serial
Language:Czech
Published: Praha Strategie Praha 1999
Subjects:
Tags: Add Tag
No Tags, Be the first to tag this record!

MARC

LEADER 00000nas2a2200000 4500
001 s123870
005 20221221071658.7
022 |a 1210-3756 
041 0 |a cze 
044 |a CZ 
245 1 0 |a Strategie  |b týdeník o marketingové komunikaci 
264 1 |a Praha  |b Strategie Praha  |c 1999 
300 |a 2 zv.  |e 11 príl. 
500 |a chýba č. 1-2 
773 0 |w eu_un_cat*s120027 
610 2 0 |a stratégia marketingová 
610 2 0 |a reklama 
610 2 0 |a médiá